| 000 | 00748nam a22001337a 4500 | ||
|---|---|---|---|
| 040 | _cRUA | ||
| 082 | _aAGR YOU 2005 B032 Or.1 | ||
| 100 | _aYOU SONGLY | ||
| 245 | _aEffect of tonle sap lake sediment on yield senpidao variety at royal university of agriculture,(ប្រសិទ្ធភាពភក់បឹងទន្លេសាបលើទិន្នផលពូជស្រូវសែនពិដោរ ក្នុងលក្ខខ័ណ្ឌស្រោចស្រព នៅសាកលវិទ្យាល័យភូមិន្ទកសិកម្ម) | ||
| 260 |
_aphnom penh _bRUA _c2005 |
||
| 300 |
_axiv,44p. _cill. |
||
| 856 | _uhttps://drive.google.com/file/d/1Q3ELQ_V5a6wCVcqLVjfy1E_BiHGaZLrb/view?usp=sharing | ||
| 942 | _cAGR | ||
| 999 |
_c790 _d790 |
||